000 00704nam a2200253Ia 4500
003 0100
008 130303s9999 xx 000 0 und d
020 _a0889462755
040 _cARRUPELIB
050 _aB2799.T3M34 1990
100 _aMcLaughlin, Peter
245 _aKant's critique of teleology in biological explanation
245 _bantimony and teleology
260 _aLewiston
260 _bEdwin Mellen Press
260 _C1990
300 _aviii
300 _b 199 p. 24cm.
440 _aStudies in the history of philosophy , v. 16
650 _aPHILOSOPHY
650 _bOntology -- Addresses, essays, lectures
650 _cEthics -- Addresses, essays, lectures
942 0 0 _01
999 _c8771
_d8771